Gingerbread Movies Quiz Stats

Quiz Updated Dec 23, 2015

Also try: Movie Cakes
Challenge
Share
Tweet
Score 0/12 Timer 04:00
4 Plays Today
% Correct
Back to the Future
97.3%
Ghostbusters
93.4%
Up
91.9%
King Kong
91.8%
The Nightmare Before Christmas
87.7%
Batman
87.5%
The Little Mermaid
85.9%
Star Wars: Episode V - The Empire Strikes Back
81.7%
Harry Potter and the Prisoner of Azkaban
80.2%
The Lord of the Rings/The Hobbit
79.9%
Stuart Little
72.9%
Big
66.6%

You're not logged in!

Compare scores with friends on all Sporcle quizzes.
Sign Up with Email
OR
Log In

You Might Also Like...

Show Comments

Extras

Top Quizzes Today


Score Distribution

Your Account Isn't Verified!

In order to create a playlist on Sporcle, you need to verify the email address you used during registration. Go to your Sporcle Settings to finish the process.